000 00298nam a22001337a 4500
008 181220b xxu||||| |||| 00| 0 eng d
020 _a9780073530222
041 _aeng
080 _25th
_a338
100 _a54
101 _aMEN
245 _aContemporary Management
_cJones,G.R
942 _2udc
_cBK
999 _c53576
_d53576